000 01256 a2200229 4500
001 57747
005 20260407155837.0
008 260407a2022 arg spa d
003 AR-UNSa-BCEJYS
040 _aAR-UNSa-BCEJYS
_bspa
_cAR-UNSa-BCEJYS
080 _a174:65
_xEtica en gestión y organización de la industria (Responsabilidad Social Empresaria)
245 1 0 _aLa responsabilidad social empresaria
_pde la innovación competitiva a los objetivos del desarrollo sostenible en la creación del valor
020 _a978-987-698-412-6
264 1 _aSalta :
_bMundo Gráfico Salta
_c2022
300 _a178 p.
_c22 cm.
505 _a1. De la crisis del desarrollo a la construcción de la RSE – 2. Una mirada a la responsabilidad social empresaria – 3. La RSE como inductora de valor – 4. RSE, cadena de valor y competitividad – 5. La RSE entre la sustentabilidad y los objetivos del desarrollo sostenible – 6. El proceso de gestión e implementación de la RSE – 7. Análisis empírico – 8. A modo de conclusión
041 _aspa
942 _cBK
590 _aniveau_biblio:m niveau_hierar:0
100 1 _aMoreno, César Gabriel
856 4 1 _uhttps://biblioeco.unsa.edu.ar/pmb/images/libros/L128841.jpg
_yImagen de portada
_qimage/jpeg
999 _c6259
_d6259